|
|
|
|
| LEADER |
02628nam a2200661 a 4500 |
| 001 |
nkc20152691518 |
| 003 |
CZ PrNK |
| 005 |
20200604150448.0 |
| 007 |
ta |
| 008 |
150416s2014 xr a f 001 0 cze |
| 015 |
|
|
|a cnb002691518
|
| 020 |
|
|
|a 978-80-905555-9-4
|q (váz.)
|
| 035 |
|
|
|a (OCoLC)908822541
|
| 040 |
|
|
|a ABA001
|b cze
|
| 041 |
0 |
|
|a cze
|b eng
|
| 043 |
|
|
|a e-cs---
|a e-xr---
|a e-xo---
|
| 045 |
|
|
|a x0x5
|
| 072 |
|
7 |
|a 73
|x Sochařství, keramika, porcelán, umělecké zpracování kovů
|2 Konspekt
|9 21
|
| 080 |
|
|
|a 656.13
|2 MRF
|
| 080 |
|
|
|a 796.7
|2 MRF
|
| 080 |
|
|
|a 737.2
|2 MRF
|
| 080 |
|
|
|a 737.2.071.1
|2 MRF
|
| 080 |
|
|
|a (437)
|2 MRF
|
| 080 |
|
|
|a (437.3)
|2 MRF
|
| 080 |
|
|
|a (437.6)
|2 MRF
|
| 080 |
|
|
|a (048.8)
|2 MRF
|
| 100 |
1 |
|
|a Nováková, Kateřina Nora,
|d 1974-
|7 mzk2011630239
|4 aut
|4 pht
|
| 245 |
1 |
0 |
|a Klenoty z kapoty :
|b československé motoristické plakety v první polovině 20. století /
|c Kateřina Nora Nováková, Jiří Křížek
|
| 246 |
3 |
0 |
|a Československé motoristické plakety v první polovině 20. století
|
| 250 |
|
|
|a 1. vyd.
|
| 260 |
|
|
|a [Sychrov] :
|b Národní památkový ústav, územní památková správa na Sychrově,
|c c2014
|
| 300 |
|
|
|a 127 s. :
|b il. (převážně barev.) ;
|c 31 cm
|
| 500 |
|
|
|a 1000 výt.
|
| 504 |
|
|
|a Obsahuje bibliografii, bibliografické odkazy a rejstřík
|
| 546 |
|
|
|a Anglické resumé
|
| 648 |
|
7 |
|a 1901-1950
|7 ch460576
|2 czenas
|
| 650 |
0 |
7 |
|a motorismus
|7 ph122998
|z Československo
|2 czenas
|
| 650 |
0 |
7 |
|a motoristický sport
|7 ph123000
|z Československo
|2 czenas
|
| 650 |
0 |
7 |
|a plakety
|7 ph124083
|z Československo
|2 czenas
|
| 650 |
0 |
7 |
|a medaile
|7 ph115253
|z Československo
|2 czenas
|
| 650 |
0 |
7 |
|a medailéři
|7 ph171154
|z Česko
|2 czenas
|
| 650 |
0 |
7 |
|a medailéři
|7 ph171154
|z Slovensko
|2 czenas
|
| 650 |
0 |
9 |
|a motorism
|z Czechoslovakia
|2 eczenas
|
| 650 |
0 |
9 |
|a motor sport
|z Czechoslovakia
|2 eczenas
|
| 650 |
0 |
9 |
|a plaquettes
|z Czechoslovakia
|2 eczenas
|
| 650 |
0 |
9 |
|a medals
|z Czechoslovakia
|2 eczenas
|
| 650 |
0 |
9 |
|a medallists
|z Czechia
|2 eczenas
|
| 650 |
0 |
9 |
|a medallists
|z Slovakia
|2 eczenas
|
| 655 |
|
7 |
|a monografie
|7 fd132842
|2 czenas
|
| 655 |
|
9 |
|a monographs
|2 eczenas
|
| 700 |
1 |
|
|a Křížek, Jiří,
|d 1979-
|7 mzk2006322685
|4 aut
|
| 910 |
2 |
|
|a BOA001
|b 4-1345.795
|
| 928 |
9 |
|
|a Národní památkový ústav, územní památková správa na Sychrově
|
| 990 |
|
|
|a BK
|
| 995 |
|
|
|a 01
|
| 991 |
|
|
|b 201504
|c NOV
|e n
|
| 996 |
6 |
|
|b 2610629988
|c 4-1345.795
|l MZK
|r Sklad / do 1 hodiny
|n 0
|p p.v.
|w 001500351
|u 000010
|a 1
|e BOA001
|j MZK50
|s P
|
| 996 |
7 |
|
|b 2610635778
|c 4-1345.795
|l MZK
|r Sklad / do 1 hodiny
|n 0
|p kup
|w 001500351
|u 000020
|a 1
|e BOA001
|j MZK50
|s A
|